Normal view
MARC view
Entry Personal Name
001 - CONTROL NUMBER
- control field: 52276
003 - CONTROL NUMBER IDENTIFIER
- control field: ARRUPE
005 - DATE AND TIME OF LATEST TRANSACTION
- control field: 20230329161228.0
008 - FIXED-LENGTH DATA ELEMENTS
- fixed length control field: 230329|| aca||aabn | a|a d
040 ## - CATALOGING SOURCE
- Original cataloging agency: ARRUPE
- Transcribing agency: ARRUPE
100 ## - HEADING--PERSONAL NAME
- Personal name: Spears C.Larry
670 ## - SOURCE DATA FOUND
- Source citation: Work cat.: (ARRUPE)131719: Spears C.Larry., Practicing servant-leadership;, 2004.